<?xml version="1.0" encoding="UTF-8"?>
<record
    xmlns:xsi="http://www.w3.org/2001/XMLSchema-instance"
    xsi:schemaLocation="http://www.loc.gov/MARC21/slim http://www.loc.gov/standards/marcxml/schema/MARC21slim.xsd"
    xmlns="http://www.loc.gov/MARC21/slim">

  <leader>00821nam0a22002531  4500</leader>
  <controlfield tag="001">rc\2581630</controlfield>
  <controlfield tag="005">20250623120151.0</controlfield>
  <datafield tag="035" ind1=" " ind2=" ">
    <subfield code="a">(NLR Aleph) 006746095</subfield>
  </datafield>
  <datafield tag="090" ind1=" " ind2=" ">
    <subfield code="a">5695434</subfield>
    <subfield code="c">5695434</subfield>
  </datafield>
  <datafield tag="100" ind1=" " ind2=" ">
    <subfield code="a">20110914d1928    |||y0rusy50      ca</subfield>
  </datafield>
  <datafield tag="101" ind1="0" ind2=" ">
    <subfield code="a">rus</subfield>
  </datafield>
  <datafield tag="102" ind1=" " ind2=" ">
    <subfield code="a">RU</subfield>
  </datafield>
  <datafield tag="105" ind1=" " ind2=" ">
    <subfield code="a">y   z   |||||</subfield>
  </datafield>
  <datafield tag="200" ind1="1" ind2=" ">
    <subfield code="a">&#x41E;&#x446;&#x435;&#x43D;&#x43A;&#x430; &#x434;&#x43E;&#x441;&#x442;&#x438;&#x436;&#x435;&#x43D;&#x438;&#x439; &#x432; &#x43B;&#x435;&#x433;&#x43A;&#x43E;&#x439; &#x430;&#x442;&#x43B;&#x435;&#x442;&#x438;&#x43A;&#x435;</subfield>
  </datafield>
  <datafield tag="210" ind1=" " ind2=" ">
    <subfield code="a">&#x425;&#x430;&#x440;&#x44C;&#x43A;&#x43E;&#x432;</subfield>
    <subfield code="c">&#x412;&#x435;&#x441;&#x442;&#x43D;&#x438;&#x43A; &#x444;&#x438;&#x437;. &#x43A;&#x443;&#x43B;&#x44C;&#x442;&#x443;&#x440;&#x44B;</subfield>
    <subfield code="a">&#x412;&#x43E;&#x43B;&#x447;&#x430;&#x43D;&#x441;&#x43A;</subfield>
    <subfield code="c">&#x442;&#x438;&#x43F;. &#x420;&#x430;&#x439;&#x43A;&#x43E;&#x43C;&#x445;&#x43E;&#x437;&#x430;</subfield>
    <subfield code="d">1928</subfield>
  </datafield>
  <datafield tag="215" ind1=" " ind2=" ">
    <subfield code="a">148 &#x441;.</subfield>
    <subfield code="d">17 &#x441;&#x43C;.</subfield>
  </datafield>
  <datafield tag="300" ind1=" " ind2=" ">
    <subfield code="a">"&#x423;&#x442;&#x432;&#x435;&#x440;&#x436;&#x434;&#x435;&#x43D;&#x43E; &#x412;&#x421;&#x424;&#x41A; &#x420;&#x421;&#x424;&#x421;&#x420; &#x438; &#x423;&#x421;&#x421;&#x420;" - &#x43E;&#x431;&#x43B;.</subfield>
  </datafield>
  <datafield tag="700" ind1=" " ind2="1">
    <subfield code="a">&#x420;&#x430;&#x442;&#x43E;&#x432;</subfield>
    <subfield code="b">&#x41F;.&#x412;.</subfield>
    <subfield code="g">&#x41F;&#x430;&#x432;&#x435;&#x43B; &#x412;&#x430;&#x441;&#x438;&#x43B;&#x44C;&#x435;&#x432;&#x438;&#x447;</subfield>
  </datafield>
  <datafield tag="801" ind1=" " ind2="0">
    <subfield code="a">RU</subfield>
    <subfield code="b">NLR</subfield>
    <subfield code="g">psbo</subfield>
  </datafield>
  <datafield tag="801" ind1=" " ind2="1">
    <subfield code="a">RU</subfield>
    <subfield code="b">ELAR</subfield>
    <subfield code="2">rusmarc</subfield>
  </datafield>
  <datafield tag="852" ind1=" " ind2=" ">
    <subfield code="a">NLR</subfield>
    <subfield code="j">58/628</subfield>
  </datafield>
  <datafield tag="942" ind1=" " ind2=" ">
    <subfield code="c">BOOK</subfield>
  </datafield>
  <datafield tag="980" ind1=" " ind2=" ">
    <subfield code="a">NB</subfield>
  </datafield>
  <datafield tag="995" ind1=" " ind2=" ">
    <subfield code="5">2013-10-26</subfield>
    <subfield code="b">NLR02</subfield>
    <subfield code="c">NLR02</subfield>
    <subfield code="e">RFS</subfield>
    <subfield code="f">6746095-10</subfield>
    <subfield code="k">58/628</subfield>
    <subfield code="o">0</subfield>
    <subfield code="r">BOOK</subfield>
    <subfield code="s">58628_</subfield>
  </datafield>
</record>
